Global Life Expectancy Comparison Quiz - Statistics

General Stats
  • This quiz has been taken 12 times
  • The average score is 5 of 17
Answer Stats
Question Answer % Correct
Which country of these has the highest life expectancy? Japan
75%
Which country of these has the highest life expectancy? Qatar
58%
Which country of these has the LOWEST life expectancy? United Kingdom
58%
Which country of these has the highest life expectancy? Costa Rica
42%
Which country of these has the highest life expectancy? Israel
42%
Which country of these has the highest life expectancy? Australia
33%
Which country of these has the highest life expectancy? North Korea
33%
Which country of these has the highest life expectancy? United States
33%
Which country of these has the highest life expectancy? Bangladesh
25%
Which country of these has the highest life expectancy? Cuba
25%
Which country of these has the highest life expectancy? Poland
25%
Which country of these has the highest life expectancy? China
17%
Which country of these has the LOWEST life expectancy? Pakistan
17%
Which country of these has the highest life expectancy? Sri Lanka
17%
Which country of these has the highest life expectancy? Thailand
17%
Which country of these has the LOWEST life expectancy? Nigeria
8%
Which country of these has the highest life expectancy? Spain
8%
No matching quizzes found
Score Distribution
Percent of People with Each Score
Percentile by Number Answered
Your Score History
You have not taken this quiz